| 000 | 00488nam a2200205Ia 4500 | ||
|---|---|---|---|
| 005 | 20240823015941.0 | ||
| 008 | 240823s9999||||xx |||||||||||||| ||und|| | ||
| 020 | _a81-7629-454-3 | ||
| 041 | _aENGLISH | ||
| 082 | _A658.8 P3 | ||
| 100 | _aMonga G S | ||
| 245 | 0 | _aMarketing Management | |
| 250 | _a1st | ||
| 260 |
_c2003 _b"Deep & Deep Pub.,New Delhi" |
||
| 500 | _aYES | ||
| 650 |
_aMarketing _bManagement Studies |
||
| 700 | _a Shalini Anand | ||
| 942 | _cBK | ||
| 999 |
_c173621 _d173621 |
||